Statistics for Country by Second Vowel -A

Click here to take the quiz!

General Stats

  • This quiz has been taken 35 times
    (12 since last reset)
  • The average score is 46 of 72

Answer Stats

ContinentAnswer% Correct
EuropeFinland
100%
EuropeHungary
100%
AsiaJapan
100%
EuropeNorway
100%
AsiaAfghanistan
83%
EuropeBelarus
83%
EuropeBulgaria
83%
N. AmericaCanada
83%
AsiaChina
83%
EuropeCroatia
83%
N. AmericaCuba
83%
EuropeGermany
83%
EuropeItaly
83%
OceaniaMarshall islands
83%
AsiaQatar
83%
EuropeRomania
83%
EuropeSlovakia
83%
AfricaZimbabwe
83%
EuropeAlbania
67%
N. AmericaBahamas
67%
AsiaBahrain
67%
AsiaBangladesh
67%
AsiaBhutan
67%
N. AmericaEl Salvador
67%
AsiaIran
67%
AsiaIraq
67%
AsiaJordan
67%
AsiaKazakhstan
67%
AfricaKenya
67%
AfricaLibya
67%
AfricaMadagascar
67%
AfricaMalawi
67%
AsiaMalaysia
67%
EuropeMonaco
67%
AfricaMozambique
67%
AsiaMyanmar
67%
EuropeNorth Macedonia
67%
AsiaOman
67%
OceaniaPalau
67%
AsiaSingapore
67%
AsiaSri Lanka
67%
AfricaSudan
67%
AfricaTanzania
67%
OceaniaTuvalu
67%
N. AmericaBarbados
50%
AfricaBotswana
50%
N. AmericaCosta Rica
50%
EuropeDenmark
50%
Africa
Ghana
50%
S. AmericaGuyana
50%
AsiaIsrael
50%
N. AmericaJamaica
50%
EuropeMalta
50%
AsiaNepal
50%
N. AmericaNicaragua
50%
N. AmericaPanama
50%
S. AmericaParaguay
50%
EuropePoland
50%
AfricaRwanda
50%
AfricaSomalia
50%
AsiaSyria
50%
OceaniaTonga
50%
AfricaUganda
50%
EuropeUkraine
50%
AfricaCentral African Republic
33%
AsiaEast Timor
33%
AfricaEswatini
33%
N. AmericaGrenada
33%
N. AmericaGuatemala
33%
AsiaKuwait
33%
AsiaLebanon
33%
EuropeSan Marino
33%

Score Distribution

Percentile by Number Answered

Percent of People with Each Score

Your Score History

You have not taken this quiz since the last reset